00483nam a2200157Ia 4500082001200000100002800012245010600040260003500146300001800181650002500199650002100224650002700245650001500272650001800287710002000305 aTU.0005 aUpadhyay, Surendra Nath 0aEmpirical study on symbolic process : Transfer in learning double alternation mazes by human subjects c1965bBanaras Hindu University a131p. + C D-2 aTRANSFER OF TRAINING aLEARNING ABILITY aSYMBOLISM (PSYCHOLOGY) aMAZE TESTS aMAZE PUZZLES  aSinha, Madan M.